Синтез требуемых служебных характеристик сталей и сплавов ни их нейроуправляемых стохастических моделях; Справочник. Инженерный журнал; № 10

Bibliographische Detailangaben
Parent link:Справочник. Инженерный журнал: научно-технический и производственный журнал.— , 2000-.— 0203-347X
№ 10.— 2005
Weitere Verfasser: Немтырев О. В., Жуков А. А., Виноградова О. В., Шишкин В. Н.
Sprache:Russisch
Veröffentlicht: 2005
Schriftenreihe:Современные технологии
Schlagworte:
Format: MixedMaterials Buchkapitel
KOHA link:https://koha.lib.tpu.ru/cgi-bin/koha/opac-detail.pl?biblionumber=399334

MARC

LEADER 00000naa2a2200000 4500
001 399334
005 20231101065216.0
035 |a (RuTPU)RU\TPU\prd\40557 
090 |a 399334 
100 |a 20051222a2005 k y0rusy50 ca 
101 0 |a rus 
102 |a RU 
200 1 |a Синтез требуемых служебных характеристик сталей и сплавов ни их нейроуправляемых стохастических моделях  |f О. В. Немтырев [и др.] 
225 1 |a Современные технологии 
320 |a Библиогр.: 5 назв. 
461 0 |0 (RuTPU)RU\TPU\prd\1723  |x 0203-347X  |t Справочник. Инженерный журнал  |o научно-технический и производственный журнал  |d 2000- 
463 0 |0 (RuTPU)RU\TPU\prd\40142  |t № 10  |d 2005 
610 1 |a сплавы 
610 1 |a сталь 
610 1 |a служебные характеристики 
610 1 |a стохастические модели 
610 1 |a многопараметрический метод 
610 1 |a сплавы 
610 1 |a компромисные решения 
610 1 |a достижимые решения 
610 1 |a управляемость 
610 1 |a наблюдаемость процесса 
610 1 |a поисковая оптимизация 
610 1 |a сложные многокомпанентные системы 
610 1 |a нейроуправляемые модели 
701 1 |a Немтырев  |b О. В. 
701 1 |a Жуков  |b А. А. 
701 1 |a Виноградова  |b О. В. 
701 1 |a Шишкин  |b В. Н. 
801 1 |a RU  |b 63413507  |c 20051222  |g PSBO 
801 2 |a RU  |b 63413507  |c 20140117  |g RCR 
942 |c BK